000 00532nam a2200169 i 4500
001 34342
003 ES-MaACL
005 20230906154921.0
007 t|
008 030204s1970 sp ||||1| spa d
100 1 _aBlasco Sánchez, Baldomero.
_929402
245 1 0 _aPsicopedagogía del ahorro /
_cpor Baldomero Blasco Sánchez.
260 _aMadrid :
_bConfederación Española de Cajas de Ahorros,
_c[1970]
300 _a168 p. :
_bil. ;
_c22 cm.
852 _aES-MaACL
_jC-44601
_bR.73200
852 _aES-MaACL
_jC-44602
_bR.73468
999 _c34342
_d34342